00442 2200181 4500001002100000005001500021008004100036035001900077041000700096082000800103090001400111100001600125245003100141260003100172300002500203500001100228650002100239INLIS00000000000043720241224112155241224||||||||| | ||| |||| || |  0010-1224000437 aid0 a320 a320 SUN p0 aIsmail Suny00aPembagian Kekuasaan Negara aJakartabAksara baruc1985 avii, 53 hlm; 20,5 cm aCet. 4 0aIlmu-ilmu Sosial